The Understanding of Volunteer Tourism; Journal of Economics and Social Sciences; № 1
| Parent link: | Journal of Economics and Social Sciences: electronic scientific journal/ National Research Tomsk Polytechnic University (TPU), Institute of Humanities, Social Sciences and Technologies.— , 2012-.— 2312-2978 № 1.— 2012.— [3 p.] |
|---|---|
| المؤلف الرئيسي: | |
| مؤلف مشترك: | |
| مؤلفون آخرون: | |
| الملخص: | Title screen The article considers the notion of volunteer tourism. The author identifies the main meaning of the term, considers the main problems of volunteer tourism and identifies relevant of volunteer tourism. В статье рассматривается понятие волонтерского туризма. Автор статьи определяет основные значения термина, рассматривает основные проблемы волонтерского туризма и определяет значимость волонтерского туризма. |
| اللغة: | الإنجليزية |
| منشور في: |
2012
|
| سلاسل: | Социологические науки |
| الموضوعات: | |
| الوصول للمادة أونلاين: | http://earchive.tpu.ru/handle/11683/21663 |
| التنسيق: | الكتروني فصل الكتاب |
| KOHA link: | https://koha.lib.tpu.ru/cgi-bin/koha/opac-detail.pl?biblionumber=536502 |
MARC
| LEADER | 00000naa2a2200000 4500 | ||
|---|---|---|---|
| 001 | 536502 | ||
| 005 | 20231101113732.0 | ||
| 035 | |a (RuTPU)RU\TPU\prd\225689 | ||
| 035 | |a RU\TPU\prd\225688 | ||
| 090 | |a 536502 | ||
| 100 | |a 20141114a2012 k y0rusy50 ba | ||
| 101 | 0 | |a eng | |
| 102 | |a RU | ||
| 135 | |a drcn ---uucaa | ||
| 181 | 0 | |a i | |
| 182 | 0 | |a b | |
| 200 | 1 | |a The Understanding of Volunteer Tourism |f K. I. Arbuzova |g lang. adv. E. A. Leksina | |
| 203 | |a Text |c electronic | ||
| 215 | |a 1 файл (38 Кб) | ||
| 225 | 1 | |a Социологические науки | |
| 230 | |a Электронные текстовые данные (1 файл : 38 Кб) | ||
| 300 | |a Title screen | ||
| 320 | |a [References: 7 tit.] | ||
| 330 | |a The article considers the notion of volunteer tourism. The author identifies the main meaning of the term, considers the main problems of volunteer tourism and identifies relevant of volunteer tourism. | ||
| 330 | |a В статье рассматривается понятие волонтерского туризма. Автор статьи определяет основные значения термина, рассматривает основные проблемы волонтерского туризма и определяет значимость волонтерского туризма. | ||
| 453 | |t Понимание волонтерского туризма |f К. И. Арбузова |g науч. рук. Е. А. Лексина |a Арбузова, К. И. | ||
| 461 | 1 | |0 (RuTPU)RU\TPU\prd\225573 |x 2312-2978 |t Journal of Economics and Social Sciences |o electronic scientific journal |f National Research Tomsk Polytechnic University (TPU), Institute of Humanities, Social Sciences and Technologies |d 2012- | |
| 463 | 1 | |0 (RuTPU)RU\TPU\prd\225574 |t № 1 |v [3 p.] |d 2012 | |
| 610 | 1 | |a Volunteering | |
| 610 | 1 | |a volunteer tourism | |
| 610 | 1 | |a tourism | |
| 700 | 1 | |a Arbuzova |b K. I. | |
| 702 | 1 | |a Leksina |b E. A. |c linguist |c Senior Lecturer of Tomsk Polytechnic University |f 1979- |g Evgenia Anatolievna |2 stltpush |3 (RuTPU)RU\TPU\pers\33014 |4 727 | |
| 712 | 0 | 2 | |a Национальный исследовательский Томский политехнический университет (ТПУ) |b Институт социально-гуманитарных технологий (ИСГТ) |b Кафедра иностранных языков (ИЯСГТ) |h 7147 |2 stltpush |3 (RuTPU)RU\TPU\col\18376 |
| 801 | 1 | |a RU |b 63413507 |c 20090623 |g PSBO | |
| 801 | 2 | |a RU |b 63413507 |c 20160921 |g PSBO | |
| 856 | 4 | |u http://earchive.tpu.ru/handle/11683/21663 | |
| 942 | |c BK | ||